El principio protectorio en el empleo público (Registro nro. 29580)

Detalles MARC
000 -LEADER
fixed length control field 00334 a2200109 4500
001 - CONTROL NUMBER
control field ART_38377
005 - DATE AND TIME OF LATEST TRANSACTION
control field 20260410161942.0
008 - FIXED-LENGTH DATA ELEMENTS--GENERAL INFORMATION
fixed length control field 260409a
100 1# - MAIN ENTRY--PERSONAL NAME
Personal name Terragno, María Martha
245 10 - TITLE STATEMENT
Title El principio protectorio en el empleo público
773 0# - HOST ITEM ENTRY
Title Temas de derecho laboral
Related parts - Nº 5 (mayo 2016)
Record control number REV27619

No hay ítems disponibles.